• 首页
  • 本馆介绍
  • 公告通知
  • 最新文献
  • 馆藏检索
  • 电子资源
  • 读者导购
  • 参考咨询
  • 我的图书馆
  • 登录
  • 详细信息显示
  • 放入我的书架
  • 预约/预借图书
  • 作者相关作品
  • 分类相关作品
  • 丛书相关作品
  • 出版社相关作品

书目信息

  • 表格格式
  • 工作单格式
  • 卡片格式
题名:
解读缤纷的色彩世界——色彩心理
    
 
作者: 张明 主编
分册:  
出版信息: 北京   科学出版社  2007
页数: 281页
开本: 21cm
丛书名: 图解现代人心理新话题
单 册:
中图分类: O432.3-05 , J063-05 , J063
科图分类:
主题词: 色彩学--应用心理学--图解 , 美术理论
电子资源:
ISBN: 7-03-018011-9
000 00858oam2 2200277 450
001 1539324197
005 20150127192054.92
010    @a7-03-018011-9@dCNY36.00
100    @a20111117d2007 em y0chiy0110 ea
101 0  @achi
102    @aCN@b110000
105    @aa z 000yy
200 1  @a解读缤纷的色彩世界——色彩心理@9jie du bin fen de se cai shi jie——se cai xin li@f张明主编
210    @a北京@c科学出版社@d2007
215    @a281页@c图@d21cm
225 2  @a图解现代人心理新话题
330    @a本书分为五章,即颜色的历史与文化,颜色的基本知识,颜色的感知觉,临床中颜色的应用等。
461  0 @12001 @a图解现代人心理新话题
606 0  @a色彩学@x应用心理学@j图解
606 0  @a美术理论
690    @aO432.3-05@v5
690    @aJ063-05@v5
690    @aJ063@v4
701  0 @a张明@9zhang ming@4主编
801  0 @aCN@bTSSF@c20150127
905    @aZUCC@dJ063@eJY1
    
    解读缤纷的色彩世界——色彩心理/张明主编.-北京:科学出版社,2007
    281页:图;21cm.-(图解现代人心理新话题)
    
    
    ISBN 7-03-018011-9:CNY36.00
    本书分为五章,即颜色的历史与文化,颜色的基本知识,颜色的感知觉,临床中颜色的应用等。
●
相关链接 在E读中查询图书 在五车中查询图书 在当当中查询图书 在豆瓣中查询图书


正题名:解读缤纷的色彩世界——色彩心理     索取号:J063/JY1         预约/预借

序号 登录号 条形码 馆藏地/架位号 状态 备注
1 7859183   278591837   学院路分馆/ [索取号:J063/JY1] 在馆    
2 7859184   278591846   学院路分馆/ [索取号:J063/JY1] 在馆    
3 7859188   278591882   学院路分馆/ [索取号:J063/JY1] 在馆    
4 7859189   278591891   学院路分馆/ [索取号:J063/JY1] 在馆    
5 7859190   278591908   学院路分馆/ [索取号:J063/JY1] 在馆    
唐山师范学院图书馆 欢迎您!
大连网信软件有限公司© 版权所有